000 00830nam a22002177a 4500
005 20120411115531.0
008 120411t xxu||||| |||| 00| 0 eng d
010 _aENG-105096
020 _a9788183822589
_c150.00
035 _aEN-88629
037 _bDBAD/PUB
040 _aDPL
_bEng
082 _a808.042
100 _944715
_aChawla, Rahul
245 _aEffective English comprehension :
_cby Arun Mahapatra
_bread fast,understand better /
260 _aNew Delhi
_bLotus Press
_c2012
270 _a4735/22,Prakash Deep Building,Ansari Road,Darya Ganj,
_bNew Delhi
_e110002
300 _a320p.
_c22cm(pbk)
942 _2ddc
_cEN
_mCHA
_h808.042
999 _c65632
_d65632